| 000 | 00700cab a2200253 4500 | ||
|---|---|---|---|
| 001 | ABS47364 | ||
| 008 | 090401t1992 xxu||||| |||| 00| 0 eng d | ||
| 035 | _a(Sirsi) u61749 | ||
| 041 | _aeng | ||
| 100 | _aBaird, A. | ||
| 245 | _aShare farming : the tax issues | ||
| 260 | _c1992 | ||
| 350 | _a0 | ||
| 490 |
_aFarm Tax Brief _v7(9) October 1992, 72-73(2) |
||
| 520 | _aConsiders the tax implications of share farming looking at Capital Gains Tax, Inheritance Tax and VAT. | ||
| 650 | _aCPAITAL GAINS TAX | ||
| 650 | _aINHERITANCE TAX | ||
| 650 | _aSHARE FARMING | ||
| 650 | _aVALUE ADDED TAX | ||
| 690 | _aRURAL PRACTICE | ||
| 690 | _aTAXATION | ||
| 942 | _n0 | ||
| 948 | _c04/03/1997 | ||
| 999 |
_c38297 _d38297 |
||